| 000 | 00516nam a2200181Ia 4500 | ||
|---|---|---|---|
| 003 | GCL | ||
| 008 | 140319s9999 xx 000 0 eng d | ||
| 040 |
_aGCL / _cGCL |
||
| 082 | 0 | 4 |
_a005.113 _bB T |
| 100 | 1 | _aRYNN, MARIA | |
| 245 | 1 | 0 |
_aTOOLS FOR STRUCTURED DESIGN: AN INTRODUCTION TO PROGRAMMING LOGIC / _cRYNN, MARIA |
| 700 | 1 | _aBOHL, MARILYN | |
| 260 |
_a[S.N] : _bMACMILLIAN PUBLISHING COMPANY ، _c1993 |
||
| 300 | _a328 P | ||
| 650 | 0 | 4 | _aPROGRAMMING |
| 650 | 0 | 4 | _aSTRUCTURAL PROGRAMMING |
| 942 |
_2ddc _cBK |
||
| 999 |
_c20612 _d20612 |
||